Tiny goat in trouble / (Record no. 3688)
[ view plain ]
| 000 -LEADER | |
|---|---|
| fixed length control field | 01311nam a22002657a 4500 |
| 001 - CONTROL NUMBER | |
| control field | 3688 |
| 003 - CONTROL NUMBER IDENTIFIER | |
| control field | FISKH |
| 005 - DATE AND TIME OF LATEST TRANSACTION | |
| control field | 20240410160511.0 |
| 008 - FIXED-LENGTH DATA ELEMENTS--GENERAL INFORMATION | |
| fixed length control field | 240410b cb ||||| |||| 00| 0 eng d |
| 020 ## - INTERNATIONAL STANDARD BOOK NUMBER | |
| International Standard Book Number | 9781407139678 |
| 040 ## - CATALOGING SOURCE | |
| Original cataloging agency | FISKH |
| Language of cataloging | eng |
| Transcribing agency | FISKH |
| Modifying agency | FISKH |
| 050 ## - LIBRARY OF CONGRESS CALL NUMBER | |
| Classification number | PZ7 |
| 082 ## - DEWEY DECIMAL CLASSIFICATION NUMBER | |
| Classification number | 823.92 |
| 100 ## - MAIN ENTRY--PERSONAL NAME | |
| Personal name | Kelly, Mary |
| 245 ## - TITLE STATEMENT | |
| Title | Tiny goat in trouble / |
| Statement of responsibility, etc. | By Mary Kelly ; Illustrated by Jon Davis |
| 260 ## - PUBLICATION, DISTRIBUTION, ETC. | |
| Place of publication, distribution, etc. | London : |
| Name of publisher, distributor, etc. | Scholastic, |
| Date of publication, distribution, etc. | 2014. |
| 300 ## - PHYSICAL DESCRIPTION | |
| Extent | 130 pages : |
| Other physical details | illustrations ; |
| Dimensions | 20 cm |
| 520 ## - SUMMARY, ETC. | |
| Summary, etc. | Harry is enjoying a seaside walk with his aunt, when he spots a tiny goat on a cliff ledge. It has been separated from its mother, and the baby goat is stranded, unable to make it back up to the top. Harry and his aunt call the RSPCA and an exciting rescue ensues, with two inspectors abseiling down the cliff to retrieve the frightened youngster. Luckily, thanks to the RSPCA's team work and Harry's eagle eye, the baby goat is safely reunited with its mother. An exciting, inspiring story based on a real-life animal rescue. With illustrations throughout and lots of facts about goats and the RSPCA. |
| 521 8# - TARGET AUDIENCE NOTE | |
| Target audience note | 650 <br/> |
| Source | Lexile estimate <br/> |
| 521 8# - TARGET AUDIENCE NOTE | |
| Target audience note | P <br/> |
| Source | Raz-Plus<br/> |
| 650 ## - SUBJECT ADDED ENTRY--TOPICAL TERM | |
| Topical term or geographic name entry element | Animals |
| 700 ## - ADDED ENTRY--PERSONAL NAME | |
| Personal name | Davis, Jon |
| Relator term | Illustrator |
| 942 ## - ADDED ENTRY ELEMENTS (KOHA) | |
| Source of classification or shelving scheme | Dewey Decimal Classification |
| Koha item type | Books |
| Suppress in OPAC | No |
| Withdrawn status | Lost status | Source of classification or shelving scheme | Damaged status | Not for loan | Collection | Home library | Current library | Shelving location | Date acquired | Total Checkouts | Full call number | Barcode | Date last seen | Copy number | Price effective from | Koha item type |
|---|---|---|---|---|---|---|---|---|---|---|---|---|---|---|---|---|
| Dewey Decimal Classification | Non-Fiction | Footprints International School Library Network Toul Kork Campus | Footprints International School Library Network Toul Kork Campus | TK Primary Library Room(4th Floor), Bookcase 5&6, Shelves 33-56, Orange Books | 04/10/2024 | KEL 823.92 PZ7 | FISTKG3A059 | 04/10/2024 | 1 | 04/10/2024 | Books | |||||
| Dewey Decimal Classification | Non-Fiction | Footprints International School Library Network Toul Tom Poung Campus | Footprints International School Library Network Toul Tom Poung Campus | TTP Primary Orange Bookshelves | 08/18/2025 | KEL 823.92 PZ7 | FIS05233 | 08/18/2025 | 2 | 08/18/2025 | Books |
